000 00413nam a22001217a 4500
003 SGT
082 _a080
_bM14N
100 _aनाईक, श्रीपद
245 _aमधुमेह नियंत्रण के लिए प्रोटोकॉल
260 _bप्राकृतिक चिकत्सा अनुसंधान परिषद्
_c2014
300 _a72
942 _2ddc
_cBK
999 _c31549
_d31549